000 00337pab a2200145 454500
008 180718b1983 xxu||||| |||| 00| 0 eng d
100 _aSanyal, Amal
245 _aChoice, Welfare and measurement
260 _c1983
300 _a49-56
362 _aOct.
650 _aWelfare Economics
773 _aSocial Scientist
909 _a20671
999 _c20671
_d20671